Music Quiz

Random Music or Album Quiz

Counting Crows Albums Quiz Stats

 Plays Quiz Updated Mar 31, 2020

     
Support Sporcle.
Go Orange.
Score 0/7 Timer 03:00
0 Plays Today
Year Album % Correct
1993August and Everything After
89.7%
2002Hard Candy
75.3%
1996Recovering the Satellites
68.1%
1999This Desert Life
56%
2008Saturday Nights and Sunday Mornings
50.1%
2012Underwater Sunshine
49.1%
2014Somewhere Under Wonderland
46%

From the Vault

Winter Olympic Years by Poster

by Cutthroat

Sports 6m
The 2014 Olympics were Sochi great experience.
Remove Ads.
Support Sporcle.
Get the best of Sporcle when you Go Orange. This ad-free experience offers more features, more stats, and more fun while also helping to support Sporcle. Thank you for becoming a member.

Show Comments

Extras

Top Quizzes Today


Score Distribution

Your Account Isn't Verified!

In order to create a playlist on Sporcle, you need to verify the email address you used during registration. Go to your Sporcle Settings to finish the process.

Report this User

Report this user for behavior that violates our Community Guidelines.

Details: